000 01084nam0a2200313 4500
001 RU\NLR\bibl\92856
005 20250617080312.0
010 _a5-93650-008-Х
_95000
021 _aRU
_b2000-3899
_9193
035 _a(NLR Aleph) 000090734
090 _a508961
_c508961
100 _a20000619d2000 |||y0rusy50 ca
101 0 _arus
102 _aRU
105 _aa |||||||||
200 1 _aAutoCAD 2000
_eПракт. курс
_fА. Федоренков, К. Басов
210 _aМ.
_cДЕСС КОМ
_d2000
215 _a431 с.
_cил.
_d23
320 _aБиблиогр.: с. 431 (4 назв.)
606 0 _aAutoCAD 2000, система автоматизированного проектирования
_92140070
_3RU\NLR\auth\661289981
686 _aЖ2-5-05
700 1 _aФедоренков
_bА. П.
_gАнатолий Петрович
_4070
701 1 _aБасов
_bК. А.
_gКонстантин Андреевич
_4070
801 0 _aRU
_bNLR
_c20000619
_gPSBO
801 1 _aRU
_bNLR
_c20000619
852 _aNLR
_j2000-7/786
942 _cBOOK
980 _aNB